| 000 | 00429cam a2200181 4500 | ||
|---|---|---|---|
| 001 | D5313 | ||
| 008 | 090401t1979 xxu||||| |||| 00| 0 eng d | ||
| 035 | _a(Sirsi) u44118 | ||
| 041 | _aeng | ||
| 050 | _a711.0184 | ||
| 100 | _aHallett, Graham | ||
| 245 | _aUrban land economics: principles and policy | ||
| 260 |
_aLondon _bMacMillan _c1979 |
||
| 300 | _axv. 274p. 22cm | ||
| 350 | _a15 | ||
| 942 | _n0 | ||
| 948 | _c04/03/1997 | ||
| 999 |
_c91440 _d91440 |
||